|
|
|
|
| LEADER |
00000naa2a2200000 4500 |
| 001 |
392712 |
| 005 |
20231101064309.0 |
| 035 |
|
|
|a (RuTPU)RU\TPU\prd\28195
|
| 090 |
|
|
|a 392712
|
| 100 |
|
|
|a 20040923a2004 k y0rusy50 ca
|
| 101 |
0 |
|
|a rus
|
| 102 |
|
|
|a RU
|
| 200 |
1 |
|
|a Анализ сложности элементов диагностической модели
|f В. В. Воронин
|
| 225 |
1 |
|
|a Измерения, контроль, диагностика
|
| 320 |
|
|
|a Библиогр.: 9 назв.
|
| 461 |
|
1 |
|0 (RuTPU)RU\TPU\prd\1687
|t Приборы и системы. Управление, контроль, диагностика
|o научно-технический и производственный журнал
|d 2000-
|
| 463 |
|
1 |
|0 (RuTPU)RU\TPU\prd\26958
|t № 6
|v С. 44-50
|d 2004
|
| 610 |
1 |
|
|a диагностирование
|
| 610 |
1 |
|
|a диагностический блок
|
| 610 |
1 |
|
|a диагностические модели
|
| 610 |
1 |
|
|a формальный блок
|
| 610 |
1 |
|
|a нейросетевая технология
|
| 610 |
1 |
|
|a техническая диагностика
|
| 610 |
1 |
|
|a анализ
|
| 700 |
|
1 |
|a Воронин
|b В. В.
|
| 801 |
|
1 |
|a RU
|b 63413507
|c 20040923
|g PSBO
|
| 801 |
|
2 |
|a RU
|b 63413507
|c 20121009
|g RCR
|
| 942 |
|
|
|c BK
|